Державна податкова служба України у документах та фотографіях (Запис № 355872)

МАРК-запис
000 -Лідер
fixed length control field 01727nam a22002657a 4500
003 - Ідентифікатор контрольного номера
control field UA-OsUOA
001 - Контрольний номер
control field 69606
007 - Фіксоване поле фізичного опису
fixed length control field ta
008 - Елементи даних фіксованої довжини – загальна інформація
fixed length control field 20100701b un ||||| |||| 00| 0 ukr d
090 ## - Локальний шифр розміщення
Класифікаційний індекс УДК 016.1:336.22(477)(091)
Авторський знак (НП) Д94
040 ## - Джерело каталогізації
Агенція оригінальної каталогізації UA-OsUOA
Мова каталогізації ukr
Агенція, яка здійснювала перезапис UA-OsUOA
Агенція, яка здійснювала модифікацію UA-OsUOA
041 ## - Код мови
Код мови тексту/ звукової доріжки чи окремого заголовка (П) ukr
080 ## - Індекс Універсальної десяткової класифікації
Індекс Універсальної десяткової класифікації (УДК) (НП) 016.1:336.22(477)(091)
020 ## - Міжнародний стандартний книжковий номер (ISBN)
Міжнародний стандартний книжковий номер (ISBN) (НП) 978-966-7889-45-6
245 ## - Відомості про назву
Назва (НП) Державна податкова служба України у документах та фотографіях
Дані про відповідальність (НП) гол. ред. Буряк С. В.
260 ## - Публікація, розповсюдження і т.п. (Вихідні дані)
Місце публікації, розповсюдження і т.п. (П) К.
Дата публікації, розповсюдження і т.п. (П) 2009
300 ## - Фізичний опис
Обсяг 619 с.
520 3# - Резюме і т.п.
Резюме, реферат, анотація, тощо (НП) У книзі вперше за допомогою документів і фото висвітлено історію створення та становлення податкової служби нашої Держави, презентовано колективи, які складають ДПА України, регіональні податкові служби, окрема увага приділена податківцям-ветеранам, п
520 3# - Резюме і т.п.
Резюме, реферат, анотація, тощо (НП) рофспілкам та Національному університету, державної податкової служби. Робота адресована діючим працівникам органів ДПС, ветеранам податкової служби, студентам профільних вузів і коледжів, а також усім, кого цікавить історія Державної податкової слу
520 3# - Резюме і т.п.
Резюме, реферат, анотація, тощо (НП) жби України.
650 #7 - Додаткове предметне введення – тематичний термін
Тематичний термін чи географічна назва, як елемент введення (НП) 01 Бібліографія і бібліографії. Каталоги
Джерело заголовка чи терміна UDC
942 ## - Додаткові елементи входу (Коха)
Тип елемента Koha Книги
955 ## - Код типу видання за змістом
Код типу видання за змістом (НП) Навчальні видання
Фонди
Стан вилучень Стан втрат Джерело класифікації або схеми стелажів Стан уражень Не для кредиту Постійне місце розташування Поточне розміщення Дата придбання Джерело придбання Вартість, звичайна ціна покупки Інвентарний номер Усього замовленно Повний номер виклику Штрих-код Дата останнього перегляду Ціна ефективна від Тип елемента Koha
    Universal Decimal Classification     ЧЗ - Читальна зала ЧЗ - Читальна зала 01/07/2010 59/2010 170.00 128333   016.1:336.22(477)(091) Д94 128333 07/02/2022 01/07/2010 Книги